000 00692nam a2200241Ia 4500
003 OSt
005 20220924133122.0
006 a|||||r|||| 00| 0
007 ta
008 220923b |||||||| |||| 00| 0 urd d
020 _c250
024 _a257867
037 _b5724/6, 11/03/2010, Modern Publishing House
_cTextual
040 _aARTS
_cARTS
_burd
041 _2urd
_aurd
082 _aO168,1L97:g, P7
100 _aQazi Sayeeduddin
_9205708
245 0 _aSharah deewan-e- Ghalib
260 _c2007
650 _aURDU POETRY
942 _hO168,1L97:g, P7
_cTEXL
_2CC
999 _c432703
_d432703